Contaminated land: assessing the risk (Record no. 65810)
[ view plain ]
| 000 -LEADER | |
|---|---|
| fixed length control field | 01327cam a2200217 4500 |
| 001 - CONTROL NUMBER | |
| control field | ABS63425 |
| 008 - FIXED-LENGTH DATA ELEMENTS--GENERAL INFORMATION | |
| fixed length control field | 000000n2000 000 0 eng u |
| 035 ## - SYSTEM CONTROL NUMBER | |
| System control number | (Sirsi) u110388 |
| 100 ## - MAIN ENTRY--PERSONAL NAME | |
| Personal name | Bennett, P. |
| 245 ## - TITLE STATEMENT | |
| Title | Contaminated land: assessing the risk |
| 260 ## - PUBLICATION, DISTRIBUTION, ETC. | |
| Date of publication, distribution, etc. | 2000 |
| 490 ## - SERIES STATEMENT | |
| Series statement | GEOEurope |
| Volume/sequential designation | 9(12) December 2000, 33-35(2) |
| 520 ## - SUMMARY, ETC. | |
| Summary, etc. | Discusses the impact of geographic information systems on Huntingdon District Council's attempts to identify and treat contaminated land in the light of a report from the Environment Agency which suggests that 300,000 hectares of land may be affected by industrial or natural contaminants. Geographic information systems have previously been used to overcome the difficulties associated with the need to combine data from different sources and based on different projections. At Huntingdon, however, their use has been expanded to include the mathematical modelling of the dispersion of airborne pollution and the colour coding of energy efficiency ratings for individual properties and has lead to greater efficiency and an increased level of accuracy and detail in the provision of risk ratings. |
| 590 ## - LOCAL NOTE (RLIN) | |
| Local note | ABS |
| 650 ## - SUBJECT ADDED ENTRY--TOPICAL TERM | |
| Topical term or geographic name entry element | GIS |
| 650 ## - SUBJECT ADDED ENTRY--TOPICAL TERM | |
| Topical term or geographic name entry element | CONTAMINATED LAND |
| 650 ## - SUBJECT ADDED ENTRY--TOPICAL TERM | |
| Topical term or geographic name entry element | RISK ASSESSMENT |
| 650 ## - SUBJECT ADDED ENTRY--TOPICAL TERM | |
| Topical term or geographic name entry element | POLLUTION |
| 690 ## - LOCAL SUBJECT ADDED ENTRY--TOPICAL TERM (OCLC, RLIN) | |
| Topical term or geographic name as entry element | ENVIRONMENT-CONTAMINATION |
| 942 ## - ADDED ENTRY ELEMENTS (KOHA) | |
| Suppress in OPAC | 0 |
| Withdrawn status | Lost status | Source of classification or shelving scheme | Damaged status | Not for loan | Home library | Current library | Shelving location | Date acquired | Total Checkouts | Full call number | Barcode | Date last seen | Copy number | Price effective from | Koha item type |
|---|---|---|---|---|---|---|---|---|---|---|---|---|---|---|---|
| Dewey Decimal Classification | London | London | Journal article | 16/01/2001 | ABS63425 | 110388-1001 | 06/08/2019 | 1 | 06/08/2019 | Journal article |